[Event "American Continental"]
[Site "Buenos Aires ARG"]
[Date "2005.08.09"]
[Round "4"]
[White "Demaria,J"]
[Black "Parrilli,F"]
[Result "1-0"]
[WhiteElo "2272"]
[BlackElo "2140"]
[EventDate "2005.08.06"]

1. e4 e5 2. Nf3 Nc6 3. Bb5 a6 4. Ba4 Nf6 5. O-O Be7 6. Re1 b5 7. Bb3 d6 8.
c3 O-O 9. h3 Na5 10. Bc2 c5 11. d4 Qc7 12. d5 Bd7 13. b3 Kh8 14. a4 bxa4
15. bxa4 Rab8 16. Nbd2 Ng8 17. Nf1 g6 18. Ne3 f5 19. exf5 gxf5 20. Nd2 Rf6
21. Nec4 Nh6 22. Nxa5 Qxa5 23. Re3 Rg8 24. Nc4 Qd8 25. Rg3 f4 26. Rxg8+
Qxg8 27. Qf3 Bf5 28. Ra2 Rg6 29. Kf1 Bxc2 30. Rxc2 Nf7 31. Nb6 Ng5 32. Qg4
Ne4 33. Qf3 Ng5 34. Qg4 Bd8 35. a5 Bxb6 36. axb6 Ne4 37. Qf3 Ng5 38. Qd3
Qc8 39. Rb2 Qb7 40. c4 Rg7 41. Qf5 Qb8 42. b7 h6 43. Qc8+ Rg8 44. Qxb8 Rxb8
45. Bd2 1-0

[Event "American Continental"]
[Site "Buenos Aires ARG"]
[Date "2005.08.09"]
[Round "4"]
[White "Lo Presti,R"]
[Black "Patriarca,L"]
[Result "0-1"]
[WhiteElo "2068"]
[BlackElo "2266"]
[EventDate "2005.08.06"]

1. e4 c6 2. d4 d5 3. Nd2 dxe4 4. Nxe4 Nd7 5. Ng5 Ngf6 6. Bd3 e6 7. N1f3 Bd6
8. Qe2 h6 9. Ne4 Nxe4 10. Qxe4 Qc7 11. O-O b6 12. Qg4 g5 13. Qh3 Rg8 14.
Re1 Bb7 15. Rxe6+ fxe6 16. Qxe6+ Kf8 17. Qf5+ Ke8 18. Qe6+ Kf8 19. Bc4 Kg7
20. Qf7+ Kh8 21. Qe6 Rg7 22. Bxg5 hxg5 23. Nxg5 Nf8 24. Qh6+ Nh7 25. Ne6
Qf7 26. Nxg7 Qxg7 27. Qxg7+ Kxg7 28. Re1 Rf8 0-1

[Event "American Continental"]
[Site "Buenos Aires ARG"]
[Date "2005.08.09"]
[Round "4"]
[White "Elias,L"]
[Black "Bitelmajer,M"]
[Result "0-1"]
[WhiteElo "2061"]
[BlackElo "2243"]
[EventDate "2005.08.06"]

1. e4 e5 2. Nf3 Nc6 3. Bb5 a6 4. Bc4 Nf6 5. O-O Be7 6. Re1 b5 7. Bb3 d6 8.
c3 O-O 9. h3 Nb8 10. d4 Nbd7 11. Nbd2 Bb7 12. Bc2 Re8 13. Nf1 Bf8 14. Ng3
g6 15. b3 c6 16. a4 bxa4 17. bxa4 a5 18. Bg5 h6 19. Bxf6 Qxf6 20. Rb1 Ba6
21. Bd3 Bc8 22. d5 cxd5 23. exd5 Nc5 24. Bb5 Bd7 25. Ne4 Nxe4 26. Rxe4 Red8
27. Bxd7 Rxd7 28. Rc4 Qe7 29. Rb5 Bg7 30. Nd2 h5 31. Qe2 Rc7 32. Rc6 Bh6
33. Nb3 Rca7 34. c4 e4 35. c5 dxc5 36. Nxc5 e3 37. f3 Rd8 38. Ne4 Qa3 39.
Qd1 Bg7 40. Kf1 Rad7 41. Rcc5 Qa2 42. Rc2 Qxa4 43. Qd3 Qa1+ 44. Ke2 Qg1 45.
g4 f5 46. gxf5 0-1

[Event "American Continental"]
[Site "Buenos Aires ARG"]
[Date "2005.08.09"]
[Round "4"]
[White "Tobares,L"]
[Black "Benko,F"]
[Result "1-0"]
[WhiteElo "2260"]
[BlackElo "2090"]
[EventDate "2005.08.06"]

1. d4 Nf6 2. c4 e5 3. dxe5 Ng4 4. e3 Nxe5 5. Nh3 Bb4+ 6. Bd2 Bxd2+ 7. Qxd2
d6 8. Nf4 O-O 9. Be2 Nbc6 10. Nc3 Re8 11. O-O Bf5 12. e4 Bd7 13. Nfd5 f6
14. f4 Nf7 15. Bd3 Ne7 16. Ne3 Ng6 17. Rae1 c6 18. Kh1 Qc7 19. Qf2 Rad8 20.
Qg3 Nf8 21. Re2 a6 22. Ref2 Bc8 23. Bb1 b5 24. cxb5 axb5 25. a3 Nh6 26. Rc1
Qa7 27. Rfc2 Be6 28. Nxb5 Qb6 29. Nc3 Bb3 30. Re2 Ne6 31. Rd2 Nf8 32. Bc2
Bf7 33. b4 Re7 34. Rcd1 Red7 35. b5 Kh8 36. bxc6 Qxc6 37. Ned5 Qc5 38. a4
Rb8 39. h3 Rb2 40. Qd3 Bh5 41. Rb1 Rxb1+ 42. Bxb1 Rb7 43. Ba2 Bf7 44. Nb5
Be8 45. Rc2 Bxb5 46. axb5 Qa7 47. Nb4 Qb8 48. Na6 Qd8 49. Rc6 Rd7 50. Qc4
Qe7 51. Rc8 g6 52. Nc7 Kg7 53. b6 d5 54. Nxd5 Qd6 55. Rc7 Nf7 56. b7 Rxc7
57. Qxc7 Nd7 58. Qxd7 Qxd7 59. b8=Q Qe6 60. Qb2 Qa6 61. Qxf6+ Qxf6 62. Nxf6
1-0

[Event "American Continental"]
[Site "Buenos Aires ARG"]
[Date "2005.08.09"]
[Round "4"]
[White "Varela,D"]
[Black "Daneri,M"]
[Result "1/2-1/2"]
[WhiteElo "2113"]
[BlackElo "2220"]
[EventDate "2005.08.06"]

1. Nf3 f5 2. g3 Nf6 3. Bg2 g6 4. c4 Bg7 5. O-O O-O 6. Nc3 d6 7. d4 Nc6 8.
d5 Na5 9. Nd2 c5 10. Qc2 e5 11. dxe6 Bxe6 12. Nd5 Nxd5 13. cxd5 Bd7 14. Nf3
h6 15. Bd2 b5 16. Bc3 Nc4 17. Bxg7 Kxg7 18. b3 Nb6 19. Rad1 Qf6 20. e4 fxe4
21. Nd2 e3 22. fxe3 Qe5 23. e4 Bg4 24. Bf3 Bh3 25. Bg2 Bg4 26. Bf3 Bh3 27.
Bg2 Qd4+ 28. Kh1 Rxf1+ 29. Rxf1 Bxg2+ 30. Kxg2 Re8 31. Kh1 Nxd5 32. Nf3 Qc3
33. Qf2 Nf6 34. e5 Ng4 35. Qe2 Nxe5 36. Nxe5 Qxe5 37. Qxb5 Re7 38. Qb8 Qd5+
39. Kg1 Qd4+ 40. Kh1 Qe4+ 41. Kg1 Qd4+ 42. Kh1 Kh7 43. Qf8 Qd5+ 44. Kg1
Qd4+ 45. Kh1 Qg7 46. Qf4 Rd7 47. Qc4 Qe7 48. Qd5 h5 49. Kg2 Kg7 50. h3 Rb7
51. Re1 Qd7 52. Re6 Rb6 53. Qe4 Qc6 54. Rxg6+ Kf7 55. Qxc6 Rxc6 56. Rh6 Ra6
57. Kf3 Rxa2 58. Rxd6 Ra3 59. Kf4 Rxb3 60. Rd7+ Ke6 61. Rxa7 Rb4+ 62. Kf3
Kf5 63. Rf7+ Kg6 64. Rc7 Rc4 65. Rc8 Kf5 66. Rf8+ Kg6 67. Rc8 Rc1 68. Kf4
Rf1+ 69. Ke4 Re1+ 70. Kf4 Rf1+ 71. Ke4 Re1+ 72. Kf4 Rf1+ 1/2-1/2

[Event "American Continental"]
[Site "Buenos Aires ARG"]
[Date "2005.08.09"]
[Round "4"]
[White "Tenti,J"]
[Black "Negri,Sa"]
[Result "1-0"]
[WhiteElo "2153"]
[BlackElo "2104"]
[EventDate "2005.08.06"]

1. e4 e5 2. Nf3 Nc6 3. Bc4 Nf6 4. d3 Bc5 5. c3 d6 6. Nbd2 a6 7. Bb3 Ba7 8.
Nf1 Ne7 9. Ng3 Ng6 10. O-O O-O 11. h3 b5 12. d4 h6 13. Be3 Bb7 14. Bc2 Re8
15. Qb1 Nh7 16. a4 Bb6 17. Bd3 c6 18. Rd1 Qe7 19. Nf5 Qf8 20. Qc1 Bc7 21.
dxe5 dxe5 22. b4 Re6 23. Bc2 Nf4 24. Bxf4 exf4 25. Rd7 Qb8 26. Bb3 Bc8 27.
Bxe6 fxe6 28. Ne7+ Kh8 29. Nxc8 Qxc8 30. Rd1 Nf6 31. Qc2 Rb8 32. c4 bxa4
33. Rxa4 a5 34. bxa5 Nd7 35. e5 Nc5 36. Ra2 Ra8 37. Nh4 g5 38. Nf3 Kg7 39.
Qc3 Qa6 40. Qb4 Qa7 41. Nd4 Rd8 42. Nxe6+ 1-0

[Event "American Continental"]
[Site "Buenos Aires ARG"]
[Date "2005.08.09"]
[Round "4"]
[White "Bustamante,O"]
[Black "Perez Wertheim,R"]
[Result "1-0"]
[WhiteElo "2141"]
[BlackElo "1999"]
[EventDate "2005.08.06"]

1. e4 e5 2. Nf3 Nc6 3. Bc4 Nf6 4. d3 Bc5 5. c3 Bb6 6. b4 d6 7. a4 a6 8. Qb3
O-O 9. Bg5 h6 10. Bh4 g5 11. Bg3 Nh5 12. Nbd2 Qf6 13. h3 Nd8 14. a5 Ba7 15.
Bh2 Ne6 16. Bxe6 Bxe6 17. Qd1 c6 18. Qe2 Rad8 19. Nc4 Nf4 20. Bxf4 exf4 21.
e5 Qg7 22. d4 Bxc4 23. Qxc4 dxe5 24. Nxe5 Bb8 25. Nd3 Rfe8+ 26. Kd2 Bd6 27.
Rae1 Qf6 28. Rxe8+ Rxe8 29. Re1 Rxe1 30. Nxe1 h5 31. Qe2 Qg6 32. Qe8+ Kg7
33. Nd3 Qe6 34. Qxe6 fxe6 35. f3 Kf6 36. Nf2 Kf5 37. Kd3 e5 38. dxe5 Kxe5
39. Ne4 Be7 40. Kc4 Ke6 41. Nc5+ Bxc5 42. Kxc5 Kd7 43. Kb6 Kc8 44. h4 gxh4
45. c4 Kb8 46. Kc5 Kc7 47. Kd4 b6 48. c5 bxa5 49. bxa5 Kd7 50. Ke5 Ke7 51.
Kxf4 Kf6 52. Ke4 Kg5 53. f4+ 1-0

[Event "American Continental"]
[Site "Buenos Aires ARG"]
[Date "2005.08.09"]
[Round "4"]
[White "Toniutti,E"]
[Black "Malajovich,S"]
[Result "1/2-1/2"]
[WhiteElo "2051"]
[BlackElo "2126"]
[EventDate "2005.08.06"]

1. d4 g6 2. c4 Bg7 3. Nc3 d6 4. e4 Nd7 5. d5 Nc5 6. Nge2 f5 7. exf5 Bxf5 8.
Ng3 Bd7 9. h4 Bxc3+ 10. bxc3 e5 11. Bg5 Ne7 12. h5 Bf5 13. hxg6 Bxg6 14.
Be2 Qd7 15. Nh5 Qa4 16. Qd2 Qc2 17. Qxc2 Bxc2 18. Nf6+ Kf7 19. Ng4 Bg6 20.
Nh6+ Ke8 21. Bf6 Rf8 22. Bg7 Rf4 23. g3 Re4 24. f3 Rxe2+ 25. Kxe2 Bd3+ 26.
Kf2 Bxc4 27. Ng4 Kf7 28. Bf6 Nxd5 29. Rxh7+ Ke6 30. Bg5 Rf8 31. Rh6+ Kd7
32. Nf6+ Kc6 33. Nxd5 Bxd5 34. Rf6 Re8 35. Be3 e4 36. Bxc5 Kxc5 37. Re1 Rh8
38. fxe4 Bxa2 39. Ra1 a6 40. Ke3 Bc4 41. Rf5+ Kc6 42. Kd4 Be6 43. Rf6 Kd7
44. Rg6 c5+ 45. Ke3 Bc4 46. Rd1 Be6 47. c4 Rg8 48. Rxg8 Bxg8 49. e5 Bxc4
50. Rxd6+ Ke7 51. Rb6 Bd5 52. g4 Bc6 53. g5 Kf7 54. Kf4 a5 55. Kf5 a4 56.
e6+ Kg7 57. g6 a3 58. e7 a2 59. Rxb7 Be8 60. Ra7 Bxg6+ 61. Kg5 Be8 62. Rxa2
Kf7 63. Ra7 Ke6 64. Kf4 Bd7 65. Ke4 c4 66. Kd4 Kxe7 67. Kxc4 Kd6 68. Kd4
Ke6 69. Ke4 Bc6+ 70. Kf4 Kd5 71. Kf5 Kd4 72. Rc7 Kd5 73. Re7 Kd4 74. Re2
Bb5 75. Rb2 Bc4 76. Rb8 Bd5 77. Rc8 Bc4 1/2-1/2

[Event "American Continental"]
[Site "Buenos Aires ARG"]
[Date "2005.08.09"]
[Round "4"]
[White "Duarte,L"]
[Black "Alaluf,A"]
[Result "1-0"]
[WhiteElo "2317"]
[BlackElo "2091"]
[EventDate "2005.08.06"]

1. e4 c5 2. Nf3 g6 3. d4 cxd4 4. Nxd4 Bg7 5. Nc3 Nc6 6. Nde2 Nf6 7. g3 O-O
8. Bg2 d6 9. O-O Bd7 10. Nd5 Nxd5 11. exd5 Na5 12. a4 Nc4 13. Ra2 a6 14. b3
Ne5 15. h3 Be8 16. Nd4 Rc8 17. Re1 Nd7 18. Bg5 Bxd4 19. Qxd4 f6 20. Bh6 Rf7
21. c4 Nc5 22. Qc3 a5 23. Rae2 b6 24. h4 Bd7 25. Bf3 Bf5 26. g4 Bd7 27. Kg2
Rc7 28. g5 f5 29. h5 Be8 30. Re6 Nxe6 31. dxe6 Rf6 32. gxf6 exf6 33. e7 1-0

[Event "American Continental"]
[Site "Buenos Aires ARG"]
[Date "2005.08.09"]
[Round "4"]
[White "Leeuw,P"]
[Black "Bermudes,E"]
[Result "1/2-1/2"]
[WhiteElo "2088"]
[BlackElo "2190"]
[EventDate "2005.08.06"]

1. e4 Nf6 2. Nc3 d5 3. exd5 Nxd5 4. Qf3 c6 5. Bc4 e6 6. Nge2 Be7 7. O-O Nd7
8. d4 O-O 9. Ne4 N7f6 10. N4g3 c5 11. c3 cxd4 12. Nxd4 Qc7 13. Bd3 h6 14.
Re1 a6 15. Ne4 Nxe4 16. Qxe4 Nf6 17. Qf3 Qc5 18. Bf4 Qh5 19. Qg3 Qg4 20.
Qxg4 1/2-1/2

[Event "American Continental"]
[Site "Buenos Aires ARG"]
[Date "2005.08.09"]
[Round "4"]
[White "Bendana,G"]
[Black "Barros,R"]
[Result "1/2-1/2"]
[WhiteElo "2155"]
[BlackElo "2080"]
[EventDate "2005.08.06"]

1. d4 c5 2. c3 e6 3. Nf3 Nf6 4. Bg5 cxd4 5. cxd4 Be7 6. Nc3 d5 7. e3 O-O 8.
Bd3 Nc6 9. O-O h6 10. Bh4 Qb6 11. Rb1 Bd7 12. Ne5 Qd8 13. f4 Nb4 14. Be2
Ne4 15. Bxe7 Qxe7 16. Nxe4 dxe4 17. a3 1/2-1/2

[Event "American Continental"]
[Site "Buenos Aires ARG"]
[Date "2005.08.09"]
[Round "4"]
[White "Lida Garcia,F"]
[Black "Borda,A"]
[Result "1/2-1/2"]
[WhiteElo "2066"]
[BlackElo "2131"]
[EventDate "2005.08.06"]

1. b4 d5 2. Bb2 c6 3. e3 a5 4. b5 c5 5. Nf3 Bg4 6. h3 Bh5 7. c4 e6 8. Be2
Nf6 9. Qc2 Bg6 10. d3 Nbd7 11. Nbd2 Be7 12. cxd5 exd5 13. Nh4 Rc8 14. Nxg6
hxg6 15. Rc1 O-O 16. Qb1 Re8 17. O-O Bd6 18. Rfe1 Be5 19. d4 cxd4 20. Rxc8
Qxc8 21. exd4 Bf4 22. Qd3 Qd8 23. g3 Bxd2 24. Qxd2 Ne4 25. Qc2 Qb8 1/2-1/2

[Event "American Continental"]
[Site "Buenos Aires ARG"]
[Date "2005.08.09"]
[Round "4"]
[White "Fedrizzi,A"]
[Black "Evans,P"]
[Result "1-0"]
[WhiteElo "2119"]
[BlackElo "2058"]
[EventDate "2005.08.06"]

1. e4 b6 2. d4 Bb7 3. Nc3 e6 4. a3 Nf6 5. Bd3 h6 6. Nf3 d6 7. Qe2 Nbd7 8.
O-O g5 9. Re1 g4 10. Nh4 Rg8 11. g3 Nh7 12. d5 Ne5 13. f4 gxf3 14. Nxf3
Nxd3 15. cxd3 Qe7 16. Be3 h5 17. Rac1 O-O-O 18. Nb5 Rd7 19. Nxa7+ Kb8 20.
Nc6+ Bxc6 21. dxc6 Rd8 22. d4 Ka7 23. Rc4 b5 24. d5+ 1-0

[Event "American Continental"]
[Site "Buenos Aires ARG"]
[Date "2005.08.10"]
[Round "5"]
[White "Spraggett,K"]
[Black "Felgaer,R"]
[Result "1/2-1/2"]
[WhiteElo "2592"]
[BlackElo "2618"]
[EventDate "2005.08.06"]

1. e4 c5 2. Nf3 d6 3. d4 cxd4 4. Nxd4 Nf6 5. Nc3 g6 6. Be3 Bg7 7. f3 a6 8.
Qd2 Nbd7 9. g4 b5 10. a3 Bb7 11. O-O-O Nb6 12. Bh6 Bxh6 13. Qxh6 Qc7 14. h4
O-O-O 15. h5 1/2-1/2

[Event "American Continental"]
[Site "Buenos Aires ARG"]
[Date "2005.08.10"]
[Round "5"]
[White "Nogueiras,J"]
[Black "Shabalov,A"]
[Result "0-1"]
[WhiteElo "2541"]
[BlackElo "2593"]
[EventDate "2005.08.06"]

1. Nf3 Nf6 2. c4 e6 3. g3 d5 4. d4 dxc4 5. Qa4+ c6 6. Qxc4 b5 7. Qd3 Bb7 8.
Bg2 Nbd7 9. O-O a6 10. Be3 Rc8 11. Nbd2 c5 12. dxc5 Bxc5 13. Bxc5 Nxc5 14.
Qxd8+ Kxd8 15. Ne5 Bxg2 16. Kxg2 Ke7 17. Rfc1 Nd5 18. Nb3 Na4 19. Nd3 f5
20. Na5 Kf6 21. b3 Nac3 22. Rc2 Rc7 23. Kf1 Rhc8 24. a3 Ne4 25. Rxc7 Rxc7
26. Rc1 Rxc1+ 27. Nxc1 Nd2+ 28. Ke1 Nb1 29. Kd1 Nxa3 30. Na2 Ke5 31. Kc1
Kd4 32. Kb2 b4 33. Nxb4 Nxb4 34. Kxa3 Kc3 35. Nb7 e5 36. Nc5 Nc6 37. Nxa6
Kd2 38. b4 Kxe2 39. b5 Nd8 40. Nc5 e4 41. g4 g6 42. gxf5 gxf5 43. Kb4 Kxf2
44. Kc4 e3 45. Kd4 e2 46. Nd3+ Kf1 47. Ke5 Nb7 48. b6 Nc5 49. Kxf5 Nxd3 50.
b7 e1=Q 51. b8=Q Qe7 52. Qb5 Ke2 53. Kg4 Qe6+ 54. Kh4 Qe4+ 55. Kg3 Qf4+ 56.
Kh3 Qh6+ 57. Kg3 Ke3 58. Qe8+ Kd2 59. Qd8 Qf4+ 60. Kh3 Qe3+ 61. Kh4 Ke2 62.
Qg5 Qf2+ 63. Qg3 Ne5 64. Kh5 Qf5+ 65. Kh6 Ng4+ 66. Kg7 Qg5+ 67. Kh8 h5 68.
Qg2+ Kd3 69. Qf1+ Ke4 70. Qg2+ Ke5 71. Qb2+ Ke6 72. Qb6+ Kf7 73. Qb3+ Kg6
74. Qg8+ Kf5 75. Qc8+ Ke4 76. Qc2+ Kf3 77. Qb3+ Ne3 78. Kh7 h4 79. Qb7+ Qd5
80. Qe7 Qe4+ 0-1

[Event "American Continental"]
[Site "Buenos Aires ARG"]
[Date "2005.08.10"]
[Round "5"]
[White "Ibragimov,I"]
[Black "Sorin,A"]
[Result "1/2-1/2"]
[WhiteElo "2605"]
[BlackElo "2496"]
[EventDate "2005.08.06"]

1. e4 e5 2. Bc4 Nf6 3. d3 Nc6 4. Nc3 Bb4 5. Bg5 h6 6. Bh4 d6 7. Nge2 Na5 8.
f3 c6 9. a3 Nxc4 10. dxc4 Ba5 11. Qd3 Be6 12. O-O-O Bc7 13. b3 Qe7 14. f4
g5 15. fxg5 Ng4 16. h3 hxg5 17. Be1 O-O-O 18. Ng3 Nf6 19. Bd2 Rhg8 20. Rhf1
d5 21. cxd5 cxd5 22. Rxf6 Qxf6 23. exd5 e4 24. Ngxe4 Qe5 25. Be3 Bf5 26. d6
Bxe4 27. Nxe4 Bb6 28. Bxb6 axb6 29. Kb1 Kb8 30. Nc3 Rge8 31. a4 Qe3 32. Nb5
Qxd3 33. Rxd3 Re2 34. g4 Rc8 35. Nd4 Rf2 36. Kb2 Rd8 37. Nf3 f6 38. Nd2 f5
39. Nc4 f4 40. Ne5 Re2 41. Nf7 Rd7 42. Nxg5 Re3 43. Rd4 f3 44. Ne4 Re2 45.
Nf6 Rd8 46. d7 Rh2 47. Rf4 Rxh3 48. Kc3 Kc7 49. Kc4 Kc6 50. c3 Rdh8 51. Rf5
Rd8 52. b4 Rg3 53. b5+ Kc7 54. Kd5 Rxd7+ 55. Nxd7 Kxd7 56. Rf7+ Ke8 57. Rf4
f2 58. Rxf2 Rxg4 59. Kd6 Rg7 60. Rf6 Rd7+ 61. Ke5 Kd8 62. Rd6 Kc7 63. Rxd7+
Kxd7 64. Kf6 Kd6 65. Kf7 Kd7 66. c4 Kd8 67. Ke6 Ke8 68. Kd6 Kd8 69. Kd5 Kd7
70. c5 bxc5 71. Kxc5 Kc7 72. Kd5 Kd7 73. a5 Kc7 74. Ke6 Kc8 75. Kd6 Kd8 76.
Kc5 Kc7 77. b6+ Kb8 78. Kd6 Ka8 79. a6 Kb8 80. a7+ Ka8 1/2-1/2

[Event "American Continental"]
[Site "Buenos Aires ARG"]
[Date "2005.08.10"]
[Round "5"]
[White "Kudrin,S"]
[Black "Pierrot,F"]
[Result "1/2-1/2"]
[WhiteElo "2559"]
[BlackElo "2449"]
[EventDate "2005.08.06"]

1. e4 e5 2. Bc4 Nf6 3. d3 c6 4. Nf3 Be7 5. O-O d6 6. Re1 O-O 7. Nbd2 Nbd7
8. a3 Qc7 9. Ba2 Nc5 10. Nf1 Be6 11. Ng3 Rfe8 12. c3 Bxa2 13. Rxa2 Ne6 14.
d4 Bf8 15. b3 g6 16. Bb2 Bg7 17. Ba1 Rad8 18. Rc2 d5 19. Nxe5 1/2-1/2

[Event "American Continental"]
[Site "Buenos Aires ARG"]
[Date "2005.08.10"]
[Round "5"]
[White "Milman,L"]
[Black "Lima,Da"]
[Result "1-0"]
[WhiteElo "2459"]
[BlackElo "2535"]
[EventDate "2005.08.06"]

1. e4 c5 2. Nf3 d6 3. d4 cxd4 4. Nxd4 Nf6 5. Nc3 Nc6 6. Bg5 e6 7. Qd2 Be7
8. O-O-O O-O 9. f4 h6 10. Bxf6 Bxf6 11. Ndb5 Qa5 12. Kb1 Rd8 13. Nxd6 e5
14. Bc4 Bg4 15. Qd5 Rd7 16. Qxa5 Nxa5 17. Rd5 Nxc4 18. Nxc4 exf4 19. Rxd7
Bxd7 20. Nd5 Bh4 21. Nxf4 Bc6 22. g3 Bg5 23. Re1 Rd8 24. c3 Bb5 25. Na3 Bc6
26. Kc2 b6 1-0

[Event "American Continental"]
[Site "Buenos Aires ARG"]
[Date "2005.08.10"]
[Round "5"]
[White "Sunye Neto,J"]
[Black "Zambrana,O"]
[Result "1/2-1/2"]
[WhiteElo "2530"]
[BlackElo "2421"]
[EventDate "2005.08.06"]

1. c4 g6 2. Nf3 Bg7 3. d4 Nf6 4. g3 O-O 5. Bg2 c6 6. O-O d5 7. cxd5 cxd5 8.
Ne5 Ne4 9. f3 Nd6 10. Nc3 e6 11. f4 f6 12. Nd3 Nc6 13. e3 Kh8 14. b3 b6 15.
Ba3 Ba6 16. Rc1 Rc8 17. Rf2 Rf7 18. Rfc2 Rfc7 19. Nb4 Nxb4 20. Bxb4 Bf8 21.
Nb1 Rxc2 22. Rxc2 Nf5 23. Rxc8 Qxc8 24. Bxf8 Qxf8 25. Qd2 Qc8 26. Nc3
1/2-1/2

[Event "American Continental"]
[Site "Buenos Aires ARG"]
[Date "2005.08.10"]
[Round "5"]
[White "Mekhitarian,K"]
[Black "Arencibia,W"]
[Result "1-0"]
[WhiteElo "2218"]
[BlackElo "2527"]
[EventDate "2005.08.06"]

1. e4 g6 2. d4 d6 3. Nc3 c6 4. Be3 Nd7 5. Qd2 Ngf6 6. f3 b5 7. O-O-O Bb7 8.
Kb1 e5 9. g4 a6 10. dxe5 dxe5 11. g5 Nh5 12. Bh3 Bc8 13. Nd5 Bb7 14. Nc7+
Qxc7 15. Bxd7+ Kd8 16. Bg4+ Ke8 17. Bb6 1-0

[Event "American Continental"]
[Site "Buenos Aires ARG"]
[Date "2005.08.10"]
[Round "5"]
[White "Rodriguez,And URU"]
[Black "Castro,O"]
[Result "1-0"]
[WhiteElo "2523"]
[BlackElo "2385"]
[EventDate "2005.08.06"]

1. e4 e5 2. Nf3 Nc6 3. Bc4 Bc5 4. c3 Nf6 5. d3 d6 6. Bb3 a6 7. h3 Ba7 8.
Nbd2 Ne7 9. Nf1 Ng6 10. Ng3 c6 11. d4 O-O 12. O-O Be6 13. Bc2 h6 14. Be3
Re8 15. Qd2 Qc7 16. Nf5 d5 17. Bxh6 Nxe4 18. Bxe4 dxe4 19. Nxg7 exf3 20.
Nh5 f6 21. Nxf6+ Kf7 22. Ne4 Bd5 23. Qd3 exd4 24. Qxf3+ Nf4 25. Bxf4 Bxe4
26. Qxe4 Rxe4 27. Bxc7 1-0

[Event "American Continental"]
[Site "Buenos Aires ARG"]
[Date "2005.08.10"]
[Round "5"]
[White "Hernandez,Gi"]
[Black "Labollita,M"]
[Result "1-0"]
[WhiteElo "2518"]
[BlackElo "2383"]
[EventDate "2005.08.06"]

1. e4 e6 2. d4 d5 3. e5 c5 4. c3 Qb6 5. Nf3 Nc6 6. a3 f6 7. Bd3 c4 8. Bc2
Bd7 9. O-O fxe5 10. Nxe5 Nxe5 11. dxe5 Nh6 12. Nd2 g6 13. Nf3 Bg7 14. Be3
Qc7 15. Nd4 O-O 16. f4 b5 17. h4 Qd8 18. g3 Qe7 19. Qe2 Nf5 20. Qf2 Nxe3
21. Qxe3 a5 22. Rf2 b4 23. Raf1 bxa3 24. bxa3 Ra6 25. a4 Rb8 26. h5 gxh5
27. Qe2 Qe8 28. Rh2 Bxa4 29. Bxa4 Qxa4 30. Qxh5 h6 31. Qg4 Kf7 32. f5 exf5
33. e6+ 1-0

[Event "American Continental"]
[Site "Buenos Aires ARG"]
[Date "2005.08.10"]
[Round "5"]
[White "Leitao,R"]
[Black "Pacheco,Dan"]
[Result "1-0"]
[WhiteElo "2598"]
[BlackElo "2324"]
[EventDate "2005.08.06"]

1. d4 Nf6 2. c4 c5 3. d5 g6 4. Nc3 Bg7 5. e4 d6 6. Bd3 O-O 7. Nge2 Na6 8.
O-O e5 9. f3 h5 10. Bg5 Qe8 11. Nb5 Nh7 12. Bh4 Qd7 13. Qd2 Nc7 14. b4 Na6
15. a3 f5 16. exf5 gxf5 17. Ng3 e4 18. fxe4 fxe4 19. Bxe4 Bxa1 20. Rxa1 Nc7
21. Nxh5 Nxb5 22. cxb5 Qg4 23. Qh6 Bf5 24. h3 1-0

[Event "American Continental"]
[Site "Buenos Aires ARG"]
[Date "2005.08.10"]
[Round "5"]
[White "Real de Azua,E"]
[Black "Quezada,Y"]
[Result "0-1"]
[WhiteElo "2386"]
[BlackElo "2522"]
[EventDate "2005.08.06"]

1. e4 c5 2. Nf3 d6 3. d4 cxd4 4. Nxd4 Nf6 5. Nc3 a6 6. Be2 e5 7. Nb3 Be7 8.
O-O O-O 9. Kh1 Nc6 10. Be3 Be6 11. Qd2 a5 12. Rfd1 a4 13. Nc1 a3 14. Rb1
axb2 15. Rxb2 Qc8 16. f3 Re8 17. Nd5 Bxd5 18. exd5 Nd4 19. Bxd4 exd4 20.
Qxd4 Nd7 21. Qd2 Bf6 22. Rb1 Bc3 23. Qd3 Be5 24. Qd2 Bc3 25. Qd3 Be5 26.
Qd2 Nf6 27. Bb5 Re7 28. a4 Bc3 29. Qd3 Qc5 30. Nb3 Qc7 31. Nd2 Be5 32. Nc4
Qc5 33. Nxe5 Rxe5 34. c4 Nh5 35. Bd7 Rxa4 36. Qd4 Rxc4 37. Qxc5 Rxc5 38.
Rxb7 g6 39. Bc6 Nf4 40. Rb2 Nxd5 41. Bxd5 Rcxd5 42. Rdb1 Re3 43. Kg1 Red3
44. Re2 Kg7 45. Kf2 Rd2 46. Rb2 Rxb2 47. Rxb2 Kf6 48. Ke3 h5 49. h4 Ra5 50.
Rb4 Ra3+ 51. Kf4 Ra1 52. Rd4 Ke6 53. Re4+ Kd7 54. Kg5 Ra5+ 55. Kf6 Rf5+ 56.
Kg7 d5 57. Re3 Kd6 58. g4 Rf4 59. Ra3 d4 60. Ra4 Kd5 61. gxh5 gxh5 62. Ra5+
Kc4 0-1

[Event "American Continental"]
[Site "Buenos Aires ARG"]
[Date "2005.08.10"]
[Round "5"]
[White "Bronstein,L"]
[Black "Alonso,S"]
[Result "1/2-1/2"]
[WhiteElo "2342"]
[BlackElo "2457"]
[EventDate "2005.08.06"]

1. e4 c5 2. Nf3 Nc6 3. Bb5 g6 4. O-O Bg7 5. Re1 Nf6 6. Nc3 O-O 7. e5 Ng4 8.
Bxc6 bxc6 9. h3 Nh6 10. d3 f6 11. exf6 exf6 12. Ne4 d6 13. d4 Nf7 14. dxc5
d5 15. Nc3 Bd7 16. Bf4 Qa5 17. Re7 Qd8 18. Re1 Qa5 19. Re7 Rad8 1/2-1/2

[Event "American Continental"]
[Site "Buenos Aires ARG"]
[Date "2005.08.10"]
[Round "5"]
[White "Garcia,Gild"]
[Black "Bachmann,Ax"]
[Result "1-0"]
[WhiteElo "2453"]
[BlackElo "2410"]
[EventDate "2005.08.06"]

1. e4 g6 2. d4 Bg7 3. Nc3 d6 4. Be3 Nf6 5. Qd2 c6 6. f3 Nbd7 7. h4 h5 8.
Nh3 b5 9. Ng5 Bb7 10. Be2 e5 11. dxe5 dxe5 12. a4 a6 13. Nd1 Qe7 14. Nf2
O-O 15. O-O Nh7 16. Rfd1 Rfd8 17. Qa5 Rdc8 18. Qc3 Bf8 19. Nfh3 Nc5 20.
Nxh7 Kxh7 21. Ng5+ Kg8 22. Kf1 Rc7 23. b3 Bc8 24. Rab1 f6 25. Bxc5 Qxc5 26.
Qxc5 Bxc5 27. Rd8+ Bf8 28. Ne6 Rf7 29. Rbd1 f5 30. Ng5 Rc7 31. Re8 Re7 32.
Rdd8 Rxe8 33. Rxe8 Bb7 34. Rxe5 fxe4 35. Rxe4 Rd8 36. Re6 Rd6 37. Re8 1-0

[Event "American Continental"]
[Site "Buenos Aires ARG"]
[Date "2005.08.10"]
[Round "5"]
[White "Mosquera,M"]
[Black "Fernandez,D USA"]
[Result "1/2-1/2"]
[WhiteElo "2442"]
[BlackElo "2406"]
[EventDate "2005.08.06"]

1. e4 c5 2. Nf3 d6 3. d4 cxd4 4. Qxd4 Nc6 5. Bb5 Bd7 6. Bxc6 Bxc6 7. Nc3
Nf6 8. Bg5 e6 9. O-O-O Be7 10. Rhe1 O-O 11. Qd2 Qa5 12. Kb1 Rfc8 13. Nd5
Qxd2 14. Nxe7+ Kf8 15. Nxd2 Kxe7 16. Nc4 Rd8 17. f3 Bb5 18. Bxf6+ gxf6 19.
Ne3 Rac8 20. b3 b6 21. Kb2 h5 22. Rd4 Rg8 23. a4 Bc6 24. Red1 Rcd8 25. R1d2
h4 26. Rc4 Rc8 27. Rcd4 Rcd8 28. Rc4 Rc8 29. Rcd4 Rcd8 30. Nc4 h3 31. gxh3
d5 32. exd5 Rxd5 33. Rg4 Rh8 34. h4 Rdh5 35. f4 Rxh4 36. Rxh4 Rxh4 37. Rf2
Rh5 38. Kc3 e5 39. a5 bxa5 40. Nxa5 Ba8 41. Nc4 Ke6 42. Ne3 Be4 43. Nf1
Rh3+ 44. Ng3 f5 45. fxe5 Kxe5 46. Re2 Rh8 47. Kb4 Kd4 48. Rd2+ Ke3 49. Rd7
Bxc2 50. Rxf7 f4 51. Nf1+ Kf3 52. Rxa7 Ke2 53. Rf7 f3 54. Ng3+ Kf2 55. Kc3
Rxh2 56. Kxc2 Kxg3+ 57. Kd3 Rh8 58. Kc4 Rh4+ 59. Kc5 Rf4 60. Rg7+ Rg4 61.
Rf7 f2 62. Rxf2 Kxf2 63. b4 Ke3 64. b5 Rg5+ 65. Kc6 Kd4 66. b6 Rg6+ 67. Kc7
Kc5 68. b7 Rg7+ 69. Kb8 Kb6 70. Ka8 Rxb7 1/2-1/2

[Event "American Continental"]
[Site "Buenos Aires ARG"]
[Date "2005.08.10"]
[Round "5"]
[White "Rojas,L"]
[Black "Bielicki,C"]
[Result "1-0"]
[WhiteElo "2437"]
[BlackElo "2307"]
[EventDate "2005.08.06"]

1. e4 c5 2. Nf3 d6 3. d4 cxd4 4. Nxd4 Nf6 5. Nc3 Nc6 6. Bc4 Qb6 7. Nb3 e6
8. Bf4 Ne5 9. Be2 Bd7 10. Qd2 a6 11. O-O-O Qc7 12. Bg3 Bc6 13. f4 Ned7 14.
Bf3 b5 15. Rhe1 O-O-O 16. Nd4 Bb7 17. e5 Bxf3 18. Nxf3 b4 19. Nb5 axb5 20.
exf6 gxf6 21. Qxb4 Qc5 22. Qd2 Nb6 23. Bf2 Nc4 24. Qe2 Qc6 25. b3 Na3 26.
Bd4 Be7 27. Bb2 d5 28. Nd4 Qb6 29. Qh5 Rdf8 30. Re3 Bd6 31. g3 b4 32. Bxa3
bxa3 33. Rc3+ Bc5 34. Qh6 f5 35. Nxe6 Kb8 36. Rxc5 fxe6 37. Rdxd5 Qa6 38.
Rb5+ 1-0